[Event "85th ch-FRA Playoff"]
[Site "Belfort FRA"]
[Date "2010.08.21"]
[Round "1"]
[White "Edouard,R"]
[Black "Fressinet,L"]
[Result "1/2-1/2"]
[WhiteElo "2620"]
[BlackElo "2697"]
[EventDate "2010.08.21"]

1. c4 c5 2. Nf3 Nc6 3. Nc3 Nf6 4. e3 e6 5. d4 d5 6. dxc5 Bxc5 7. a3 a5 8.
b3 O-O 9. Bb2 Qe7 10. Qc2 d4 11. exd4 Nxd4 12. Nxd4 Bxd4 13. Be2 e5 14. O-O
Bd7 15. Rae1 Bc6 16. Nb5 Bxb5 17. cxb5 Rac8 18. Bc4 Qc5 19. a4 b6 20. Bxd4
exd4 21. Qd3 Rfe8 22. h3 g6 23. Qf3 Kg7 24. Rc1 Qe7 25. Rcd1 Rcd8 26. Rd3
Rd6 27. Rfd1 Red8 28. Qf4 Qe4 29. Rf3 R8d7 30. Qg5 h6 31. Qd2 Qe5 32. Re1
Ne4 33. Qe2 f5 34. Rd3 Qf6 35. f3 Nc5 36. Rdd1 d3 37. Qe8 Qf8 38. Qe5+ Kh7
39. h4 h5 40. Rd2 Qf6 41. Qxf6 Rxf6 42. Kf2 Rfd6 43. Re8 Kg7 44. g3 Rd4 45.
Ke3 R4d6 46. Kf4 Kf6 47. Rf8+ Kg7 48. Rg8+ Kf6 49. Rf8+ Kg7 50. Rg8+
1/2-1/2